[Event "GER-chT WK 3 U16"]
[Site "Kiel"]
[Date "2007.05.17"]
[Round "3.4"]
[White "Baum, Jarec"]
[Black "Dennstaedt, Fabio"]
[Result "1/2-1/2"]
[WhiteElo "974"]
[BlackElo "1299"]
[PlyCount "73"]
[EventDate "2007.05.17"]
[EventType "team-swiss"]
[EventRounds "7"]
[EventCountry "GER"]
[SourceTitle "EXT 2008"]
[Source "ChessBase"]
[SourceDate "2007.11.25"]
[SourceVersion "1"]
[SourceVersionDate "2007.11.25"]
[SourceQuality "1"]

1. e4 e5 2. Nf3 Nc6 3. Bc4 Bc5 4. Nc3 Nf6 5. d3 d6 6. Bg5 h6 7. Bh4 Be6 8. Bb3 Qe7 9. h3 0-0-0 10. 0-0 Rhg8 11. Bd5 g5 12. Bg3 Bb4 13. Bxc6 Bxc3 14. Bxb7+ Kxb7 15. bxc3 Kc8 16. Re1 g4 17. hxg4 Bxg4 18. d4 h5 19. Qe2 c6 20. Qa6+ Qb7 21. Qxb7+ Kxb7 22. dxe5 dxe5 23. Nxe5 Rg7 24. Nxg4 Nxg4 25. Rab1+ Ka6 26. Rb3 Rg5 27. Bh4 Rgd5 28. Bxd8 Rxd8 29. Rbb1 Rd2 30. f3 Ne5 31. f4 Ng4 32. Red1 Re2 33. Re1 Rd2 34. f5 Ne5 35. Rf1 Ka5 36. Rf2 Rxf2 37. Kxf2 1/2-1/2